Central Library OPAC University of Rajshahi

Education today and tomorrow (Record no. 50748)

MARC details
000 -LEADER
fixed length control field 00810nam a2200253 a 4500
001 - CONTROL NUMBER
control field 50748
003 - CONTROL NUMBER IDENTIFIER
rucl marc code BD-RjUL
005 - DATE AND TIME OF LATEST TRANSACTION
control field 20211209075547.0
008 - FIXED-LENGTH DATA ELEMENTS--GENERAL INFORMATION
fixed length control field 160828s1964 enk 001 0 eng
035 ## - SYSTEM CONTROL NUMBER
System control number (BD-RjUL)50868
040 ## - CATALOGING SOURCE
Original cataloging agency DLC
Transcribing agency F
Modifying agency Uk
-- BD-RjUL
Language of cataloging eng
041 ## - LANGUAGE CODE
Language code of text/sound track or separate title eng
082 ## - DEWEY DECIMAL CLASSIFICATION NUMBER
Classification number 370.942
Edition number 23
Author mark and year WIE 1964
100 1# - MAIN ENTRY--PERSONAL NAME
Personal name Willey, Frederick Thomas,
Dates associated with a name 1910-
9 (RLIN) 151934
245 10 - TITLE STATEMENT
Title Education today and tomorrow
Statement of responsibility, etc. F. T. Willey.
260 ## - PUBLICATION, DISTRIBUTION, ETC. (IMPRINT)
Place of publication, distribution, etc. London :
Name of publisher, distributor, etc. M. Joseph,
Date of publication, distribution, etc. c1964
300 ## - PHYSICAL DESCRIPTION
Pagination 189 p. ;
Size 23 cm.
490 0# - SERIES STATEMENT
Series statement Michael Joseph books on live issues.
500 ## - GENERAL NOTE
General note Imprint covered by label: New York, Hamilton Press.
General note Includes index.
650 #0 - SUBJECT ADDED ENTRY--TOPICAL TERM
Topical term or geographic name as entry element Education
Geographic subdivision Great Britain
General subdivision History
Chronological subdivision 20th century.
9 (RLIN) 151935
830 ## - SERIES ADDED ENTRY--UNIFORM TITLE
Uniform title Michael Joseph books on live issues.
942 ## - ADDED ENTRY ELEMENTS (KOHA)
Source of classification or shelving scheme Dewey Decimal Classification
Koha item type Books
Holdings
Lost status Source of classification or shelving scheme Damaged status Not for loan Collection code Permanent Location Current Location Shelving location Date acquired Source of acquisition Cost, normal purchase price Total Checkouts Full call number Date last seen Copy number Koha item type
  Dewey Decimal Classification     Non-fiction Central Library, University of Rajshahi Central Library, University of Rajshahi   20/11/1967 Zeittinger 24.00   370.942 WIE 1964 28/08/2016 C-2 Books